Mega Word Ladder: Ladder to the Sun Quiz Stats

 Plays Quiz Updated Oct 17, 2016

Challenge
Share
Tweet
Embed
Score 0/149 Timer 20:00
1 Play Today
Definition Word % Correct
Cold seasonWINTER
99.3%
Hot seasonSUMMER
79.4%
Boil gentlySIMMER
73.1%
Forest patrolmanRANGER
71.1%
Female siblingSISTER
70.6%
Cooked in waterBOILED
68.7%
One who dyesTINTER
67.8%
FlagBANNER
67.1%
DaddyFATHER
67.1%
Loud fireworkBANGER
66.8%
More obeseFATTER
66.6%
QuickerFASTER
65.5%
Having less hairBALDER
65.3%
Leather-workerTANNER
65.1%
Maker of tinwareTINNER
64.8%
Restaurant workerWAITER
64.1%
Cried like a wolfHOWLED
63.9%
Bank workerTELLER
63.1%
Worked hardTOILED
62.6%
Delivered a cricket ballBOWLED
62%
One posing for a portraitSITTER
61.7%
Male titleMISTER
61%
ObscurerDIMMER
57.1%
Main; bossMASTER
56.6%
CrierWAILER
56.5%
Covered; differed; roamedRANGED
56.4%
You are completing one now!LADDER
56.4%
Eraser (UK); condom (US); latexRUBBER
56%
SobbedWAILED
56%
Plump upFATTEN
56%
Followed closelyTAILED
55.5%
AttachFASTEN
55.5%
More prominent; ruderBOLDER
55.4%
Acrid; pungentBITTER
54.8%
SomewhatRATHER
54.1%
Chewed; attacked with teethBITTEN
53.8%
RudderTILLER
53.4%
StarvedFASTED
53%
YellHOLLER
53%
Metallic element; coin; policemanCOPPER
53%
Trade; haggleBARTER
52.7%
ContainerHOLDER
52.6%
RefrigeratorCOOLER
52.6%
Flour-makerMILLER
52.5%
Less saneMADDER
52.3%
GaffeHOWLER
52.2%
LumberjackFELLER
51.3%
Become firmerHARDEN
51.2%
StifferHARDER
51%
ChilledCOOLED
50.9%
Definition Word % Correct
Chopped downFELLED
50.4%
One who drinks in small amountsSIPPER
50.2%
PolishedRUBBED
50.2%
Fasten securely; board upBATTEN
50.2%
EnduredLASTED
49.9%
AmmunitionBULLET
49.8%
DissolvedMELTED
49.6%
CrusherMASHER
49.5%
Wooden hammerMALLET
49.3%
Deboned cut of meat / fishFILLET
49.2%
EnrageMADDEN
49.2%
Slice of bacon; more impulsiveRASHER
49.2%
CustodianWARDEN
48.8%
Faded; darkenedDIMMED
48.6%
BarrelmakerCOOPER
48.1%
Hands over; succeeds in examPASSES
48.1%
Outdoor area; parkGARDEN
47.7%
Covered in soft materialFELTED
47.5%
MailedPOSTED
47%
Less coldMILDER
46.9%
BillboardPOSTER
46.9%
Combined; formed a puddlePOOLED
46.4%
HairdresserBARBER
46.4%
Held a votePOLLED
46.2%
GluesPASTES
46.1%
A horse's gaitCANTER
46.1%
Beat; dough mixtureBATTER
46.1%
Bring up; encourageFOSTER
46%
Ticket; barracksBILLET
45.6%
Wood; timberLUMBER
45.6%
One who raves angrilyRANTER
45.1%
Swivelling wheel on furnitureCASTER
44.9%
Social ranksCASTES
44.8%
CeasedHALTED
44.5%
Cement; stuffingFILLER
44.4%
SeasonedSALTED
44.2%
StumbleFALTER
44.1%
Leg protectorGAITER
43.8%
Bridle; ____ neck topHALTER
43.5%
SuppleLIMBER
43.3%
Ridged; teasedRIBBED
43%
Leg bandGARTER
42.4%
Prison guardWARDER
42.3%
Clumsy person; reluctant sailorLUBBER
42.3%
Hat (sl.); one who beats all othersTOPPER
42.1%
Rodent catcherRATTER
41.9%
Dried (of cereal grains)MALTED
41.4%
One who alertsWARNER
41.4%
Percolate; refineFILTER
41.2%
Recorded; tiltedLISTED
40.8%
Definition Word % Correct
Spiked; sarcasticBARBED
40.4%
One who walks awkwardly; less firmLIMPER
39.9%
Wooden platform; hard bedPALLET
39.6%
Smile coylySIMPER
39.5%
Piano pedal; wetterDAMPER
39.1%
Cereal crop; birdseedMILLET
38.6%
ChickenPULLET
38.2%
Clogged with sedimentSILTED
38.2%
Argued / complained violentlyRANTED
37.8%
Picnic basket; hinderHAMPER
37.7%
One making an offerBIDDER
37.3%
Gather; marshalGARNER
37.3%
ClothedGARBED
37.3%
Blocked; held backDAMMED
37.2%
PricedCOSTED
36%
Spoke / sung tunefullyLILTED
35.6%
Stole; arrested (sl.)NABBED
35.3%
Having a writing point; tippedNIBBED
35%
Muffled; deadenedDAMPED
35%
GaspedPANTED
34.9%
Chattered; gossiped (sl.)GABBED
34.7%
BodyguardMINDER
34.6%
Dancer; knockerTAPPER
34.6%
Folder; cementBINDER
34.2%
GroundMILLED
33.9%
Military engineer; trench diggerSAPPER
33.2%
CaressedPATTED
32.2%
Heated and spicedMULLED
31.9%
Spoil; overindulgePAMPER
31.5%
ClumpedMATTED
31.2%
IntervalsPAUSES
30.3%
HesitatorPAUSER
30.3%
BeggarPAUPER
29.4%
Type of spacecraftLANDER
29.4%
Invited; commandedBIDDEN
29.3%
Precursor to the photocopierBANDER
29%
CesspitMIDDEN
28.1%
DroopedLOLLED
25.4%
Soothed; hushedLULLED
25.4%
Paddle for teasing fibre strandsCARDER
19.2%
Wagon driverCARTER
18.3%
Syndicate; consortiumCARTEL
14.8%
Nagged; played a large instrumentHARPED
14.2%
Exchanged for moneyCASHED
14%
ClubbedCOSHED
13.8%
Nagged; complainedCARPED
12.8%
Inner part of a flowerCARPEL
11.4%
Minced; mangledHASHED
10.3%
Clasped; hookedHASPED
10.2%

You're not logged in!

Compare scores with friends on all Sporcle quizzes.
Join for Free
OR
Log In

You Might Also Like...

Show Comments

Extras

Top Quizzes Today


Score Distribution

Your Account Isn't Verified!

In order to create a playlist on Sporcle, you need to verify the email address you used during registration. Go to your Sporcle Settings to finish the process.

Report this User

Report this user for behavior that violates our Community Guidelines.

Details: